| 000 | 00814cam a2200253 a 4500 | ||
|---|---|---|---|
| 001 | 674020 | ||
| 005 | 20171215080514.0 | ||
| 008 | 951211s1996 njua bd 000 0 eng | ||
| 010 | _a 95052148 | ||
| 020 | _a0391038648 | ||
| 020 | _a0391038656 (pbk.) | ||
| 040 |
_aDLC _cDLC _dDLC |
||
| 041 | _aeng | ||
| 080 | _a103 RES | ||
| 082 | 0 | 0 |
_a103 RES _220 |
| 100 | 1 | _a21 | |
| 101 | _aFIL | ||
| 245 | 1 | 0 |
_aDictionary of philosophy and religion : _cWilliam L. Reese. |
| 246 | 3 | 0 | _aPhilosophy and religion |
| 504 | _aIncludes bibliographical references. | ||
| 906 |
_a7 _bcbc _corignew _d1 _eocip _f19 _gy-gencatlg |
||
| 942 |
_2ddc _cBK |
||
| 999 |
_c39023 _d39023 |
||